江苏省城市 - Statistics

General Stats
  • This quiz has been taken 40 times
  • The average score is 11 of 13
Answers on the Grid
Answers color-coded by a green-red scale on the quiz's grid according to % correct below.
南京
无锡
徐州
常州
苏州
南通
连云港
淮安
盐城
扬州
镇江
泰州
宿迁
白银
滨州
梧州
锦州
荆州
南平
淮北
淮南
台州
威海
揭阳
泉州
温州
 
Answer Stats
Answer % Correct
南京
88%
无锡
88%
南通
88%
镇江
88%
泰州
88%
徐州
82%
常州
82%
盐城
82%
苏州
76%
连云港
76%
扬州
76%
宿迁
76%
淮安
65%
No matching quizzes found
Score Distribution
Percent of People with Each Score
Percentile by Number Answered
Your Score History
You have not taken this quiz